Psychology : (Record no. 72391)

MARC details
000 -LEADER
fixed length control field 00596nam a22002177i 4500
003 - CONTROL NUMBER IDENTIFIER
control field URS
005 - DATE AND TIME OF LATEST TRANSACTION
control field 20230817132759.0
020 ## - INTERNATIONAL STANDARD BOOK NUMBER
International Standard Book Number 073531984
040 ## - CATALOGING SOURCE
Transcribing agency 0
050 ## - LIBRARY OF CONGRESS CALL NUMBER
Classification number BF121
Item number .L214 2009
100 ## - MAIN ENTRY--PERSONAL NAME
Personal name Lahey, Benjamin B.
Relator term author.
245 ## - TITLE STATEMENT
Title Psychology :
Remainder of title an introduction /
Statement of responsibility, etc. Benjamin B. Lahey.
250 ## - EDITION STATEMENT
Edition statement 10th ed.
264 #1 - PRODUCTION, PUBLICATION, DISTRIBUTION, MANUFACTURE, AND COPYRIGHT NOTICE
Place of production, publication, distribution, manufacture Boston :
Name of producer, publisher, distributor, manufacturer McGraw-Hill,
Date of production, publication, distribution, manufacture, or copyright notice ©2009.
300 ## - PHYSICAL DESCRIPTION
Extent xii 607 pages :
Other physical details color illustrations ;
Dimensions 28 cm.
336 ## - CONTENT TYPE
Content type term text
Content type code txt
Source rdacontent
337 ## - MEDIA TYPE
Media type term unmediated
Media type code n
Source rdamedia
338 ## - CARRIER TYPE
Carrier type term volume
Carrier type code nc
Source rdacarrier
650 ## - SUBJECT ADDED ENTRY--TOPICAL TERM
Topical term or geographic name entry element Psychology
942 ## - ADDED ENTRY ELEMENTS (KOHA)
Koha item type Foreign Books
Source of classification or shelving scheme Library of Congress Classification
Holdings
Withdrawn status Source of classification or shelving scheme Damaged status Not for loan Collection code Home library Current library Shelving location Date acquired Total Checkouts Full call number Barcode Date last seen Price effective from Koha item type
  Library of Congress Classification     Non-fiction Tanay College Library Tanay College Library Reserve Section 12/23/2014   BF121 .L214 2009 URSTAN-N1384 03/24/2017 03/10/2016 Foreign Books

University of Rizal System
Email us at univlibservices@urs.edu.ph

Visit our Website www.urs.edu.ph/library